00554nam a22001937a 450000500170000000800410001702000180005804000210007604100080009708200160010510000250012124500750014625000170022126000330023830000100027165000270028170000270030870000250033520220922110510.0220922b ||||| |||| 00| 0 eng d a9788194692454 aIN-DiNCcIN-DiNC dasm a303.44bBOR aBorah, Rajeneauthor aUnnayanar punarchintat/cby Rajen Borah, Pankaj Boruah and Akhil Borah a2nd rev. ed. aJorhat:bBidya bhawan,c2021 a224p. aRethinking development aBoruah, Pankajeauthor aBorah, Akhileauthor